00756nam a22002057a 4500999001900000005001700019010001500036020002700051035001400078037001300092082001200105100000800117245010400125260003000229270006800259300002300327500005000350942002600400952012400426 c169352d16935220191115150035.0 aENG-126915 c1195.00a9789386552860 aEN-110447 bDBAD/PUB a294.509 aFIS aHindu pluralism :cby Elaine M. Fisherbreligion and the public sphere in early modern South Asia / aDelhibPrimus Booksc2018 aVirat Bhawan, Mukherjee Nagar Commercial Complexe110009bDelhi aix;284p.c23cm(Hb) aIncludes bibliographical references and index 2ddccENh294.509mFIS 001040708NFICaBNbBNd2019-11-15eDBAD/PUBg1195.00l0o294.509 FISpEN-110447r2019-11-15 00:00:00t1v1195.00yEN